[Event "Oberliga Ost-B 0708"]
[Site "Germany"]
[Date "2008.01.19"]
[Round "6.8"]
[White "Ballo, Emanuel"]
[Black "Jakob, Matthias"]
[Result "1/2-1/2"]
[WhiteElo "2182"]
[BlackElo "2071"]
[PlyCount "37"]
[EventDate "2007.10.07"]
[EventType "team-tourn"]
[EventRounds "11"]
[EventCountry "GER"]
[SourceTitle "EXT 2009"]
[Source "ChessBase"]
[SourceDate "2008.11.26"]
[SourceVersion "1"]
[SourceVersionDate "2008.11.26"]
[SourceQuality "1"]
[WhiteTeam "Offenbach"]
[BlackTeam "Erfurt Medizin"]
[WhiteTeamCountry "GER"]
[BlackTeamCountry "GER"]

1. d4 Nf6 2. c4 Nc6 3. Nf3 e6 4. Nc3 Bb4 5. Qc2 d6 6. a3 Bxc3+ 7. Qxc3 Ne4 8. Qc2 f5 9. e3 0-0 10. Bd3 d5 11. b4 Ne7 12. Ne5 Ng6 13. Nxg6 hxg6 14. 0-0 c6 15. Bb2 Qh4 16. f3 Nf6 17. Qf2 Qg5 18. Rae1 Nh5 19. Bc1 1/2-1/2

[Event "Oberliga Ost-B 0708"]
[Site "Germany"]
[Date "2007.11.04"]
[Round "3.7"]
[White "Ballo, Emanuel"]
[Black "Kopp, Peter"]
[Result "1/2-1/2"]
[WhiteElo "2182"]
[BlackElo "2184"]
[PlyCount "88"]
[EventDate "2007.10.07"]
[EventType "team-tourn"]
[EventRounds "11"]
[EventCountry "GER"]
[SourceTitle "EXT 2009"]
[Source "ChessBase"]
[SourceDate "2008.11.26"]
[SourceVersion "1"]
[SourceVersionDate "2008.11.26"]
[SourceQuality "1"]
[WhiteTeam "Offenbach"]
[BlackTeam "Hofheim II"]
[WhiteTeamCountry "GER"]
[BlackTeamCountry "GER"]

1. d4 Nf6 2. c4 d6 3. Nc3 Nbd7 4. e4 e5 5. Nge2 c6 6. f3 Be7 7. Be3 0-0 8. Nc1 a6 9. Be2 Re8 10. 0-0 h6 11. Nd3 Nh7 12. b4 exd4 13. Bxd4 Bf6 14. Nf4 Be5 15. Bxe5 dxe5 16. Nd3 Ng5 17. c5 Ne6 18. Kh1 Nd4 19. Nb2 b5 20. cxb6 Nxb6 21. Nc4 Nxc4 22. Bxc4 Be6 23. Bxe6 Rxe6 24. Na4 Rd6 25. Nc5 Qb6 26. Qa4 Qb5 27. Qxb5 axb5 28. Rfd1 Ra3 29. Rd2 Nf5 30. Rad1 Rxd2 31. Rxd2 Rc3 32. Kg1 Nd4 33. Kf2 Rc1 34. a3 f6 35. Rd3 Rc2+ 36. Kf1 Kf7 37. Nb3 Ne6 38. Rd2 Rc3 39. Na5 Nd4 40. Ra2 Nc2 41. Ke2 Nxa3 42. Nxc6 Rxc6 43. Rxa3 Rc4 44. Rb3 h5 1/2-1/2

[Event "Oberliga Ost-B 0607"]
[Site "Germany"]
[Date "2007.04.21"]
[Round "10.4"]
[White "Ballo, Emanuel"]
[Black "Wehner, Janis"]
[Result "1/2-1/2"]
[WhiteElo "2200"]
[BlackElo "2219"]
[PlyCount "82"]
[EventDate "2006.10.15"]
[EventType "team-tourn"]
[EventRounds "11"]
[EventCountry "GER"]
[SourceTitle "EXT 2008"]
[Source "ChessBase"]
[SourceDate "2007.11.25"]
[SourceVersion "1"]
[SourceVersionDate "2007.11.25"]
[SourceQuality "1"]
[WhiteTeam "Offenbach"]
[BlackTeam "Erfurt Medizin"]
[WhiteTeamCountry "GER"]
[BlackTeamCountry "GER"]

1. d4 Nf6 2. c4 e6 3. Nc3 Bb4 4. Qc2 c5 5. dxc5 Na6 6. a3 Bxc3+ 7. Qxc3 Nxc5 8. b4 Nce4 9. Qb2 d5 10. c5 d4 11. f3 Nc3 12. Bd2 Na4 13. Qb3 Bd7 14. e3 dxe3 15. Bxe3 Nd5 16. Bf2 0-0 17. Bc4 Nac3 18. Nh3 Ba4 19. Qb2 Nd1 20. Qd4 Nxf2 21. Qxf2 Qf6 22. 0-0 Rfd8 23. f4 h6 24. f5 exf5 25. Bxd5 Rxd5 26. Nf4 Rdd8 27. Nh5 Qd4 28. Qxd4 Rxd4 29. Rxf5 Rad8 30. Re5 Rd1+ 31. Rxd1 Rxd1+ 32. Kf2 Kf8 33. Ng3 Bc6 34. Re3 Rd2+ 35. Re2 Rd3 36. a4 Bxa4 37. Ra2 Bc6 38. Rxa7 Rd2+ 39. Ke3 Rb2 40. Nf5 Rb3+ 41. Kd2 f6 1/2-1/2

[Event "Oberliga Ost-B 0506"]
[Site "Germany"]
[Date "2006.02.19"]
[Round "8.6"]
[White "Huss, Rolf"]
[Black "Ballo, Emanuel"]
[Result "1/2-1/2"]
[WhiteElo "2110"]
[BlackElo "2193"]
[PlyCount "33"]
[EventDate "2005.11.13"]
[EventType "team-tourn"]
[EventRounds "11"]
[EventCountry "GER"]
[SourceTitle "EXT 2007"]
[Source "ChessBase"]
[SourceDate "2006.11.23"]
[SourceVersion "1"]
[SourceVersionDate "2006.11.23"]
[SourceQuality "1"]
[WhiteTeam "Hungen Lich"]
[BlackTeam "Offenbach"]
[WhiteTeamCountry "GER"]
[BlackTeamCountry "GER"]

1. d4 Nf6 2. c4 e6 3. Nf3 b6 4. g3 Ba6 5. b3 b5 6. Bg2 bxc4 7. Ne5 c6 8. bxc4 Qc7 9. Qa4 Bb7 10. c5 Bxc5 11. 0-0 Be7 12. Ba3 d6 13. Nc4 0-0 14. Rc1 d5 15. Na5 Bxa3 16. Nxa3 Rc8 17. Rab1 1/2-1/2

[Event "Oberliga Ost-B 0203"]
[Site "Germany"]
[Date "2002.10.20"]
[Round "1.4"]
[White "Ballo, Emanuel"]
[Black "Wichmann, Daniel"]
[Result "0-1"]
[WhiteElo "2224"]
[BlackElo "2257"]
[PlyCount "134"]
[EventDate "2002.10.20"]
[EventType "team"]
[EventRounds "11"]
[EventCountry "GER"]
[SourceTitle "EXT 2004"]
[Source "ChessBase"]
[SourceDate "2003.11.25"]
[SourceVersion "1"]
[SourceVersionDate "2003.11.25"]
[SourceQuality "1"]
[WhiteTeam "Offenbach"]
[BlackTeam "Dotzheim"]
[WhiteTeamCountry "GER"]
[BlackTeamCountry "GER"]

1. d4 f5 2. g3 Nf6 3. Bg2 d5 4. c4 e6 5. Nf3 Be7 6. 0-0 0-0 7. Bg5 c6 8. cxd5 cxd5 9. Ne5 Qb6 10. b3 Bd7 11. Nc3 Qa5 12. Qd3 Ba3 13. Bd2 Bb4 14. a3 Bxc3 15. Bxc3 Qd8 16. Bb4 Re8 17. a4 Nc6 18. Nxc6 Bxc6 19. Rac1 Qd7 20. Rc2 Red8 21. Rfc1 Rac8 22. Bc5 b6 23. Be7 Qxe7 24. Rxc6 Qd7 25. Qc2 Rxc6 26. Qxc6 Kf7 27. Qc2 Ne8 28. g4 g6 29. gxf5 gxf5 30. f3 Nf6 31. Kh1 Qd6 32. Qd2 Rd7 33. Qc2 Qb4 34. e3 Qd6 35. Bf1 Ne8 36. Bb5 Re7 37. Qc8 Nf6 38. Qh8 e5 39. Rc8 exd4 40. Rc6 Qe5 41. Rc8 dxe3 42. Qf8+ Kg6 43. Rc2 Rc7 44. Rxc7 Qxc7 45. Be8+ Nxe8 46. Qxe8+ Kf6 47. Qxe3 f4 48. Qd3 Ke5 49. Qe2+ Kd6 50. Qd2 Ke6 51. Qd3 Qg7 52. Qb5 Ke5 53. Qd3 Kd6 54. Qf5 Qe5 55. Qxh7 Qe1+ 56. Kg2 Qe2+ 57. Kg1 Qe1+ 58. Kg2 Qe2+ 59. Kg1 Qxf3 60. Qxa7 Qe3+ 61. Kf1 f3 62. Qb8+ Kc5 63. Qf8+ Kd4 64. Qb4+ Kd3 65. Qb5+ Kc2 66. b4 Qe2+ 67. Qxe2+ fxe2+ 0-1

[Event "Oberliga Ost-B 0102"]
[Site "Germany"]
[Date "2002.04.13"]
[Round "10.4"]
[White "Ballo, Emanuel"]
[Black "Haakert, Juergen"]
[Result "0-1"]
[WhiteElo "2211"]
[BlackElo "2383"]
[PlyCount "126"]
[EventDate "2001.10.07"]
[EventType "team"]
[EventRounds "11"]
[EventCountry "GER"]
[SourceTitle "EXT 2003"]
[Source "ChessBase"]
[SourceDate "2002.11.25"]
[SourceVersion "1"]
[SourceVersionDate "2002.11.25"]
[SourceQuality "1"]
[WhiteTeam "Offenbach"]
[BlackTeam "Oberursel"]
[WhiteTeamCountry "GER"]
[BlackTeamCountry "GER"]

1. d4 f5 2. g3 Nf6 3. Bg2 g6 4. c3 Bg7 5. Qb3 Nc6 6. Nh3 e6 7. 0-0 0-0 8. Nd2 Kh8 9. e4 fxe4 10. Nxe4 Nxe4 11. Bxe4 d5 12. Bg2 e5 13. dxe5 Nxe5 14. f4 Nc4 15. Re1 c6 16. Ng5 Kg8 17. Be3 Nxe3 18. Rxe3 Qb6 19. Qxb6 axb6 20. Nf3 b5 21. a3 b4 22. cxb4 Bxb2 23. Ra2 Bf6 24. Ne5 Bd8 25. Kh1 Bb6 26. Rd3 Bf5 27. Rd1 Bc7 28. Nd3 Rfe8 29. Nc5 Bd6 30. h3 Bxc5 31. bxc5 Ra5 32. Rc1 Bd3 33. Rb2 Re7 34. Rc3 Bc4 35. Kh2 Rxc5 36. Bf1 Ra5 37. Bxc4 dxc4 38. Rxc4 Rxa3 39. g4 Rae3 40. f5 gxf5 41. gxf5 Kf7 42. Rcb4 b5 43. Rh4 Re2+ 44. Rxe2 Rxe2+ 45. Kg3 Rc2 46. Rxh7+ Kf6 47. Kf4 Rc4+ 48. Ke3 Kxf5 49. h4 Ke5 50. h5 Rc3+ 51. Kd2 Rh3 52. h6 Kd4 53. Rh8 Rh2+ 54. Kd1 Kc3 55. h7 b4 56. Rc8 Rh1+ 57. Ke2 Rxh7 58. Rxc6+ Kb2 59. Kd1 Rd7+ 60. Ke2 b3 61. Rc8 Kb1 62. Ke1 b2 63. Ra8 Rd4 0-1

[Event "Oberliga Ost 0001 playoff"]
[Site "Germany"]
[Date "2001.05.13"]
[Round "12.3"]
[White "Ballo, Emanuel"]
[Black "Heinrich, Matthias"]
[Result "1/2-1/2"]
[WhiteElo "2240"]
[BlackElo "2137"]
[PlyCount "64"]
[EventDate "2001.05.??"]
[EventType "team"]
[EventRounds "1"]
[EventCountry "GER"]
[SourceTitle "EXT 2002"]
[Source "ChessBase"]
[SourceDate "2001.11.25"]
[SourceVersion "1"]
[SourceVersionDate "2001.11.25"]
[SourceQuality "1"]
[WhiteTeam "Offenbach"]
[BlackTeam "Leipzig Gohlis III"]
[WhiteTeamCountry "GER"]
[BlackTeamCountry "GER"]

1. d4 Nf6 2. c4 c5 3. d5 b5 4. cxb5 a6 5. e3 g6 6. Nc3 Bg7 7. Bc4 d6 8. a4 0-0 9. Nge2 Nbd7 10. Ra3 Nb6 11. Ba2 axb5 12. Nxb5 Ba6 13. Nec3 Qd7 14. 0-0 Rfb8 15. Bb3 Ne8 16. Bc2 Nc7 17. Nxc7 Qxc7 18. Re1 Nc4 19. Rb3 Rxb3 20. Bxb3 Rb8 21. Qc2 Ne5 22. Rd1 Qa5 23. Ba2 Qb4 24. h3 Nc4 25. Nb5 Nxb2 26. Bxb2 Bxb5 27. axb5 Bxb2 28. Bc4 Ra8 29. Rb1 Ra1 30. Rxa1 Bxa1 31. Kh2 Be5+ 32. g3 Bb2 1/2-1/2

[Event "Oberliga Ost-B 0001"]
[Site "Germany"]
[Date "2001.04.28"]
[Round "10.3"]
[White "Vidonyak, Nellya"]
[Black "Ballo, Emanuel"]
[Result "1-0"]
[WhiteElo "2253"]
[BlackElo "2240"]
[PlyCount "87"]
[EventDate "2000.10.15"]
[EventType "team"]
[EventRounds "11"]
[EventCountry "GER"]
[SourceTitle "EXT 2002"]
[Source "ChessBase"]
[SourceDate "2001.11.25"]
[SourceVersion "1"]
[SourceVersionDate "2001.11.25"]
[SourceQuality "1"]
[WhiteTeam "Wiesbaden"]
[BlackTeam "Offenbach"]
[WhiteTeamCountry "GER"]
[BlackTeamCountry "GER"]

1. d4 Nf6 2. Nf3 e6 3. e3 b6 4. Be2 Bb7 5. 0-0 c5 6. c4 Be7 7. Nc3 d5 8. dxc5 Bxc5 9. cxd5 Nxd5 10. Bb5+ Bc6 11. Bxc6+ Nxc6 12. Nxd5 Qxd5 13. Qa4 Rd8 14. a3 0-0 15. b4 Be7 16. Bb2 b5 17. Qc2 Rc8 18. Qe2 Rfd8 19. Rfd1 Qb3 20. Rdc1 a5 21. bxa5 Nxa5 22. Nd4 Rxc1+ 23. Rxc1 Qa4 24. Qxb5 Rxd4 25. Rc8+ Bf8 26. Rxf8+ Kxf8 27. Qc5+ Ke8 28. Qxd4 Qc2 29. h3 Nc4 30. Bc3 Nxa3 31. Qxg7 Qg6 32. Qe5 Nc2 33. e4 f5 34. Qb5+ Kf8 35. Qd7 Kg8 36. Qd8+ Kf7 37. Qd7+ Kg8 38. Qd3 Na3 39. Qd8+ Kf7 40. Qd7+ Kg8 41. Qc8+ Kf7 42. Qb7+ Kg8 43. Qa8+ Kf7 44. Qxa3 1-0

[Event "Oberliga Ost-B 0001"]
[Site "Germany"]
[Date "2001.03.11"]
[Round "8.4"]
[White "Ballo, Emanuel"]
[Black "Nikolic, Stanimir"]
[Result "0-1"]
[WhiteElo "2240"]
[BlackElo "2321"]
[PlyCount "130"]
[EventDate "2000.10.15"]
[EventType "team"]
[EventRounds "11"]
[EventCountry "GER"]
[SourceTitle "EXT 2002"]
[Source "ChessBase"]
[SourceDate "2001.11.25"]
[SourceVersion "1"]
[SourceVersionDate "2001.11.25"]
[SourceQuality "1"]
[WhiteTeam "Offenbach"]
[BlackTeam "Zeitnot Hungen-Lich"]
[WhiteTeamCountry "GER"]
[BlackTeamCountry "GER"]

1. d4 d5 2. c4 c6 3. Nf3 Nf6 4. e3 Nbd7 5. Nc3 e6 6. Qc2 Bd6 7. Be2 0-0 8. 0-0 dxc4 9. Bxc4 e5 10. Rd1 Qe7 11. e4 exd4 12. Nxd4 Ne5 13. Be2 Bc5 14. h3 Ng6 15. Be3 Re8 16. a3 Bb6 17. Bd3 Nh4 18. Kf1 Qd6 19. Bg5 Nxg2 20. Kxg2 Bxd4 21. Ne2 Bb6 22. Ng3 h6 23. Bc4 Qe7 24. Bf4 Be6 25. Bd6 Qd8 26. Be5 Nd7 27. f4 Bxc4 28. Qxc4 Nxe5 29. fxe5 Qc7 30. Rf1 Rxe5 31. Rf3 Rc5 32. Qb3 Rb5 33. Qc3 Qe5 34. Qxe5 Rxe5 35. Raf1 f6 36. Rd1 Re7 37. Nf5 Rf7 38. Rfd3 Raf8 39. h4 h5 40. Kf3 Bc7 41. b4 a5 42. Rb1 axb4 43. Rxb4 Ba5 44. Rb1 b6 45. Rd6 c5 46. Ne3 Re8 47. Rg1 Kh7 48. Nc4 Rfe7 49. Nxa5 bxa5 50. Rd5 Rxe4 51. Rxh5+ Kg8 52. Rxc5 Re3+ 53. Kf2 R3e5 54. Rc4 Rf5+ 55. Kg2 Re2+ 56. Kg3 Re3+ 57. Kg4 Rff3 58. a4 Rc3 59. Rd4 Rfd3 60. Re4 Kf7 61. Rg2 g6 62. Rf2 Rg3+ 63. Kf4 Rh3 64. Kg4 Rcg3+ 65. Kf4 Rg1 0-1

[Event "Frankfurt-ch"]
[Site "Frankfurt"]
[Date "2000.05.22"]
[Round "3"]
[White "Ballo, Emanuel"]
[Black "Behnick, Eckhard"]
[Result "1/2-1/2"]
[WhiteElo "2253"]
[BlackElo "2240"]
[PlyCount "95"]
[EventDate "2000.05.08"]
[EventType "swiss"]
[EventRounds "7"]
[EventCountry "GER"]
[SourceTitle "EXT 2001"]
[Source "ChessBase"]
[SourceDate "2000.11.22"]
[SourceVersion "1"]
[SourceVersionDate "2000.11.22"]
[SourceQuality "1"]

1. d4 Nf6 2. c4 e6 3. Nc3 Bb4 4. Qc2 0-0 5. a3 Bxc3+ 6. Qxc3 Ne4 7. Qc2 f5 8. Nh3 Nc6 9. e3 d6 10. f3 Nf6 11. Bd3 e5 12. dxe5 Nxe5 13. Bxf5 d5 14. Bxc8 Qxc8 15. Nf4 dxc4 16. 0-0 b5 17. e4 c6 18. Be3 Nfd7 19. Ne6 Rf6 20. Nd4 Nb6 21. Nf5 Qe8 22. f4 Nd3 23. Ng3 Nd5 24. Qd2 Nxe3 25. Qxe3 Nxb2 26. e5 Nd3 27. Qe4 Re6 28. Nf5 Qf8 29. Nd4 Qc5 30. Kh1 Ree8 31. e6 Rad8 32. Nxc6 Qd5 33. Qxd5 Rxd5 34. f5 c3 35. Ra2 Nb2 36. g4 Rd2 37. Ne5 a5 38. Rc1 Nd3 39. Rxc3 Rd1+ 40. Kg2 Nxe5 41. Rc5 Nxg4 42. Rxb5 Rd5 43. Rxd5 Ne3+ 44. Kf3 Nxd5 45. Rb2 Kf8 46. Rb5 Ne7 47. Rxa5 Nc6 48. Rc5 1/2-1/2

[Event "Oberliga Ost-B 9900"]
[Site "Germany"]
[Date "2000.03.12"]
[Round "9.5"]
[White "Ballo, Emanuel"]
[Black "Baer, Soeren"]
[Result "1-0"]
[WhiteElo "2221"]
[BlackElo "2029"]
[PlyCount "101"]
[EventDate "1999.10.??"]
[EventType "team"]
[EventRounds "11"]
[EventCountry "GER"]
[SourceTitle "EXT 2002"]
[Source "ChessBase"]
[SourceDate "2001.11.25"]
[SourceVersion "1"]
[SourceVersionDate "2001.11.25"]
[SourceQuality "1"]

1. d4 Nf6 2. c4 e6 3. Nc3 Bb4 4. Qc2 0-0 5. a3 Bxc3+ 6. Qxc3 Ne4 7. Qc2 f5 8. Nh3 d6 9. f3 Nf6 10. Bg5 e5 11. dxe5 dxe5 12. Nf2 a5 13. b3 Nc6 14. e3 h6 15. Bh4 Qe8 16. Nd1 f4 17. Bd3 fxe3 18. Nxe3 Nd4 19. Qb1 c6 20. 0-0 Be6 21. Qb2 Qh5 22. Bg3 Rad8 23. Rad1 Nd7 24. b4 a4 25. c5 Qg5 26. Rfe1 h5 27. Qf2 h4 28. Bxh4 Nxf3+ 29. Qxf3 Qxh4 30. Qe2 Nf6 31. Bf5 Bb3 32. Rd2 Qg5 33. Bh3 Rd4 34. Rxd4 exd4 35. Nf5 Nd5 36. Nxd4 Nf4 37. Qg4 Qd5 38. Ne6 Nxh3+ 39. Qxh3 Qd2 40. Qg3 Bxe6 41. Rxe6 Qd4+ 42. Qe3 Qa1+ 43. Qe1 Qxa3 44. Re7 Qa2 45. Rxb7 a3 46. h4 Qb2 47. Ra7 Qd4+ 48. Kh2 Qb2 49. h5 a2 50. h6 gxh6 51. Qe6+ 1-0

[Event "Oberliga Ost-B 9900"]
[Site "Germany"]
[Date "2000.01.29"]
[Round "6.4"]
[White "Ballo, Emanuel"]
[Black "Genkin, Michael"]
[Result "1/2-1/2"]
[WhiteElo "2221"]
[BlackElo "2176"]
[PlyCount "97"]
[EventDate "1999.10.??"]
[EventType "team"]
[EventRounds "11"]
[EventCountry "GER"]
[SourceTitle "EXT 2002"]
[Source "ChessBase"]
[SourceDate "2001.11.25"]
[SourceVersion "1"]
[SourceVersionDate "2001.11.25"]
[SourceQuality "1"]

1. d4 Nf6 2. c4 g6 3. Nc3 d5 4. Nf3 Bg7 5. Bg5 Ne4 6. cxd5 Nxg5 7. Nxg5 e6 8. Qd2 exd5 9. Qe3+ Kf8 10. Qf4 Bf6 11. h4 Kg7 12. e4 dxe4 13. Bc4 Qd6 14. Qxd6 cxd6 15. Nxf7 Rf8 16. Nxd6 Bxd4 17. Ncxe4 Nc6 18. f3 Ne5 19. Be2 Bxb2 20. Rb1 Ba3 21. Nxc8 Raxc8 22. Rxb7+ Rf7 23. Rxf7+ Nxf7 24. Kd2 Bb4+ 25. Ke3 Nd6 26. Rd1 Rd8 27. Rc1 Rd7 28. Rh1 Nxe4 29. fxe4 Bc5+ 30. Kf4 Rd2 31. Bc4 Bd6+ 32. Kf3 Kf6 33. Rb1 Rc2 34. Bb3 Rc3+ 35. Ke2 Bc5 36. Rf1+ Ke5 37. Rf3 Rxf3 38. Kxf3 h6 39. Bf7 g5 40. h5 Bb6 41. Bg6 Bc5 42. Ke2 Kd4 43. Kd2 Bd6 44. Kc2 Bc5 45. Kb3 g4 46. Ka4 Ke5 47. Kb5 Bf2 48. Kc6 g3 49. Bf5 1/2-1/2

[Event "Frankfurt-ch"]
[Site "Frankfurt"]
[Date "1999.06.14"]
[Round "7"]
[White "Ballo, Emanuel"]
[Black "Rutkowski, Ingo"]
[Result "1-0"]
[WhiteElo "2189"]
[BlackElo "2237"]
[PlyCount "95"]
[EventDate "1999.??.??"]
[EventType "swiss"]
[EventRounds "7"]
[EventCountry "GER"]
[SourceTitle "EXT 2002"]
[Source "ChessBase"]
[SourceDate "2001.11.25"]
[SourceVersion "1"]
[SourceVersionDate "2001.11.25"]
[SourceQuality "1"]

1. d4 g6 2. c4 Bg7 3. e4 d6 4. Nc3 Nf6 5. f3 0-0 6. Nge2 c5 7. Be3 Nc6 8. d5 Ne5 9. Ng3 e6 10. Be2 exd5 11. cxd5 a6 12. a4 h5 13. 0-0 h4 14. Nh1 Nh7 15. Nf2 f5 16. exf5 gxf5 17. Nh3 Re8 18. Bd2 Bd7 19. Nf4 c4 20. Qc2 b5 21. axb5 Qb6+ 22. Kh1 axb5 23. Rxa8 Rxa8 24. Ne6 b4 25. Nxg7 bxc3 26. Bxc3 Qe3 27. Ne6 Bxe6 28. dxe6 Nd3 29. Bxd3 cxd3 30. Qd1 h3 31. Qe1 hxg2+ 32. Kxg2 f4 33. Bd2 Qe2+ 34. Qxe2 dxe2 35. Re1 Nf6 36. Bxf4 Nd5 37. Bxd6 Ne3+ 38. Kf2 Nd1+ 39. Kxe2 Nxb2 40. Rg1+ Kh7 41. Rg4 Na4 42. Kd3 Nb6 43. Kd4 Rd8 44. Kc5 Nc8 45. e7 Re8 46. Kc6 Nxe7+ 47. Kd7 Rf8 48. Rg3 1-0

[Event "St Petersburg White Nights op"]
[Site "St Petersburg"]
[Date "1999.??.??"]
[Round "1"]
[White "Altshul, Raffael"]
[Black "Ballo, Emanuel"]
[Result "1-0"]
[WhiteElo "2354"]
[BlackElo "2189"]
[PlyCount "145"]
[EventDate "1999.06.??"]
[EventType "swiss"]
[EventRounds "9"]
[EventCountry "RUS"]
[SourceTitle "EXT 2000"]
[Source "ChessBase"]
[SourceDate "1999.11.16"]
[SourceVersion "1"]
[SourceVersionDate "1999.11.16"]
[SourceQuality "1"]

1. d4 Nf6 2. c4 e6 3. Nc3 Bb4 4. e3 c5 5. Bd3 Nc6 6. Nf3 Bxc3+ 7. bxc3 d6 8. Nd2 e5 9. d5 Ne7 10. e4 Ng6 11. h4 h5 12. g3 Ng4 13. Nf1 Nf8 14. f3 Nh6 15. Rb1 f6 16. Ne3 g6 17. Rb2 f5 18. Qa4+ Bd7 19. Qc2 Qc8 20. 0-0 fxe4 21. Bxe4 Nf5 22. Kh2 Nh7 23. f4 exf4 24. Rxf4 0-0 25. Bxf5 Bxf5 26. Nxf5 gxf5 27. Kg2 Qd7 28. Qe2 Nf6 29. Qe6+ Qxe6 30. dxe6 Rae8 31. Rxf5 Rxe6 32. Rg5+ Kh8 33. Bf4 b6 34. Rd2 Rg8 35. Rf5 Rd8 36. Be5 Kg7 37. Rxh5 Rde8 38. Rg5+ Kf7 39. Bxf6 Rxf6 40. Rgd5 Re4 41. Rxd6 Rxc4 42. R6d3 b5 43. Re2 Ra4 44. Rd7+ Kg6 45. Rc7 Rc4 46. Re5 Rxc3 47. Rg5+ Kh6 48. Rgxc5 Rxc5 49. Rxc5 Ra6 50. Rxb5 Rxa2+ 51. Kf3 a5 52. Kg4 a4 53. Rb6+ Kg7 54. Ra6 a3 55. Kg5 Ra1 56. g4 a2 57. h5 Kg8 58. Ra7 Kf8 59. h6 Rb1 60. Rxa2 Rb5+ 61. Kg6 Rb6+ 62. Kh5 Kg8 63. Ra5 Rc6 64. Rf5 Kh7 65. g5 Rc8 66. g6+ Kh8 67. Kg5 Rg8 68. Rd5 Rc8 69. Re5 Rg8 70. Rd5 Rc8 71. Rd7 Rb8 72. Kf6 Kg8 73. Ke7 1-0